| 000 | 00682nam a2200193 i 4500 | ||
|---|---|---|---|
| 001 | 44168 | ||
| 003 | ES-MaACL | ||
| 005 | 20230906160955.0 | ||
| 007 | t| | ||
| 008 | 030320s1964 sp ||||1| spa d | ||
| 100 | 1 |
_aCisneros García, Marcelino. _938925 |
|
| 245 | 1 | 0 |
_aNaturaleza de la verdad y su evolución histórica en el idealismo _b: estudio histórico-crítico a través de Descartes, Kant y Hegel / _cMarcelino Cisneros García. |
| 260 |
_aMadrid : _bFacultad de Filosofía y Letras, _c1964. |
||
| 300 |
_a34 p. ; _c19 cm. |
||
| 502 | _aTesis doctoral. | ||
| 650 | 0 | 4 |
_aVerdad. _917765 |
| 852 |
_aES-MaACL _j2033-F-32 _bR.54620 |
||
| 852 |
_aES-MaACL _j2054-F-16 _bR.62300 |
||
| 999 |
_c44168 _d44168 |
||